| 000 | 01769nam a2200361Ia 4500 | ||
|---|---|---|---|
| 999 |
_c55043 _d55043 |
||
| 001 | 22118 | ||
| 003 | GE_BSU | ||
| 005 | 20221101113926.0 | ||
| 008 | 181216s ||||ge |||||||||||||| ||geo|| | ||
| 020 | _a9789941131530 | ||
| 040 | _cGE_BSU | ||
| 041 | _ageo | ||
| 080 | _a82.01+821.353.1.09-31 რ-26 | ||
| 100 |
_aრატიანი, ირმა _95778 |
||
| 245 |
_aტექსტი და ქრონოტოპი : _bსახელმძღვანელო / _cირმა რატიანი ; რედ. : თენგიზ კიკაჩეიშვილი, მერაბ ღაღანიძე. |
||
| 264 |
_aთბილისი : _bთბილ. უნ-ტის გამ-ბა, _c2010. |
||
| 300 |
_a352 გვ. ; _c25 სმ. |
||
| 501 | _aპირთა საძ. გვ. : 349-351 | ||
| 501 | _aშენიშვნები გვ. 325 | ||
| 504 | _a ბიბლიოგრ. გვ. : 315-324 | ||
| 541 | _h39ლ. | ||
| 546 | _aრეზიუმე ინგლისურ ენაზე | ||
| 653 | _aლიტერატურა | ||
| 653 | _aლიტერატურის თეორია | ||
| 653 | _aლიტერატურული ესთეტიკა | ||
| 653 | _a ლიტერატურული კრიტიკა | ||
| 653 | _a ქართული ლიტერატურის ისტორია და კრიტიკა | ||
| 653 | _aტექსტი და ქრონოტოპი | ||
| 700 |
_aკიკაჩეიშვილი, თენგიზ _eრედაქტორი _915689 |
||
| 700 |
_aღაღანიძე, მერაბ _eრედაქტორი _912587 |
||
| 710 |
_aთსუ _915690 |
||
| 942 |
_cBK _2udc |
||